00603 2200205 4500001002100000005001500021035002000036007000300056008004100059020002200100082001000122084001600132100002300148245008900171260004500260300003200305650001400337650002600351990002000377INLIS00000000000306920260603075312 a0010-0626000020ta260603 f 0 ind  a978-602-06-5868-1 a153.8 a153.8 PIG s1 aPigliucci, Massimo1 aStoik Apa dan Bagaimana :bKebijaksanaan Yang Telah Teruji Untuk Kehidupan Masa Kini aJakarta :bGramedia Pustaka Utama,c2022 ax + 277 hlm. ;c14 x 20 cm. 4aPsikologi 4aPengembangan Karakter a20260612.05.002